| 000 | 00424nam a22001697a 4500 | ||
|---|---|---|---|
| 003 | CEME | ||
| 005 | 20210628202221.0 | ||
| 008 | 210317b xxu||||| |||| 00| 0 eng d | ||
| 020 | _a0-387-97043-6 | ||
| 040 | _c. | ||
| 082 | _a620.163 MIC'W | ||
| 100 |
_aTaya, M Weng, G. J Abe, H _958808 |
||
| 245 | _aMicromechanics and inhomageneity | ||
| 260 |
_aNEWYORK _bSPRINGER VERLAG _c1990 |
||
| 300 | _a632P | ||
| 942 |
_cBK _2ddc |
||
| 999 |
_c568918 _d568918 |
||